000 00713nam a2200205Ia 4500
003 GCL
008 140319s9999 xx 000 0 ara d
040 _aGCL /
_cGCL
082 0 4 _a953.038
_bع خ
100 1 _aعبدالامير عبد حسين دكسن
245 1 0 _aالخلافة الاموية : دراسة سياسية /
_cعبدالامير عبد حسين دكسن
260 _a[S.N] :
_bدار النهضة العربية للطباعة والنشر ،
_c1973
300 _a356ص
490 _a
650 0 4 _aالتاريخ الاسلامى
650 0 4 _aالدولة الاموية
650 0 4 _aالحضارة الاسلامية
650 0 4 _aالخلافة الاموية
942 _2ddc
_cBK
999 _c37248
_d37248